000 00777nam a22002297a 4500
005 20240530110649.0
008 171210s2016 ua g 000 0 ara d
017 _a2016/4235
_bمصر. دار الكتب
020 _a9789773375539
040 _aEG-CaGPL
_cEG-CaGPL
082 0 4 _221
_a338.4791\
_bم ت
100 0 _aمحمد نبيل عرفة
245 1 2 _aالتسويق والاعلام السياحى /
_cمحمد نبيل عرفة
250 _aط.1
260 _aالقاهرة :
_bمركز الخبرات المهنية للادارة (ببميك) ،
_c2016 .
300 _a74 ص. ؛
_c28 ص.
650 0 7 _2qrmak
_aالتسويق
650 0 7 _2qrmak
_aالسياحة
651 _2qrmak
942 _2ddc
_cBK
999 _c63593
_d63593